Ephraim Kishon o plešinách a vlasatých časoch

Bibliographic Details
Main Author: Kishon, Ephraim, 1924-2005 (uin)
Other Authors: Goldbach, Anton (Translator)
Format: Article
Language:Slovak
PhysicalDescription:Fotogr.
ISSN:1210-1982
Subjects:

MARC

LEADER 00000nab a2200000 a 4500
001 vtls000651880
003 SK-MaSNL
005 20260305022612.0
008 160314c1998 xo 0 slo
015 |a SNBRB1998/02-04716 
035 |a CLN000004074 
040 |a SNKBUCL  |b slo  |c SNKBUCL  |e AACR2 
041 0 |a slo 
044 |a xo  |c SK 
080 |a 82:929:830 (569.4)  |2 UDC-MRF-SK2 
080 |a 830 (569.4):929  |2 UDC-MRF-SK2 
100 1 |a Kishon, Ephraim,  |d 1924-2005  |4 uin  |9 122777 
245 1 0 |a Ephraim Kishon o plešinách a vlasatých časoch  |c pripravil Anton Goldbach 
300 |b Fotogr. 
600 1 7 |a Kishon, Ephraim,  |d 1924-205  |t Mein Kamm  |2 snkbucl  |9 13592 
700 1 |a Goldbach, Anton  |4 trl  |9 627427 
773 0 |x 1210-1982  |t Knižná revue  |g Roč. 8, č. 3 (1998), s. 7 
850 |a Slovenská národná knižnica v Martine 
852 |a SNK  |b KIS3GCP 
958 |a LX 
958 |a IL 
958 |a DE 
958 |a RBX 
999 |c 3291721  |d 3293651